平成の大合併で陸地での飛び地ができた日本の市町村 - Statistics

General Stats
  • This quiz has been taken 94 times
  • The average score is 8 of 14
Answer Stats
都道府県 市町村名 役場がない方の合併前の市町村名 % Correct
北海道 釧路市 音別町
78%
大垣市 墨俣町
75%
岐阜県 大垣市 上石津町
73%
日高町 日高町
72%
群馬県 高崎市 新町
70%
外ヶ浜町 三厩村
66%
可児市 兼山町
63%
伊達市 大滝村
59%
中泊町 小泊村
56%
青森県 五所川原市 市浦村
52%
桐生市 黒保根村
48%
鹿児島県 奄美市 笠利町
48%
桐生市 新里村
36%
徳島県 三好市 三野町
28%
No matching quizzes found
Score Distribution
Percent of People with Each Score
Percentile by Number Answered
Your Score History
You have not taken this quiz